00360 a2200109 4500245017000000100001900170700001900189700001300208260000900221300001100230035000900241 aMédecine traditionnelle et pharmacopée : contributions aux études ethnobotaniques et floristiques (Iles Maurice et Rodrigues) : rapport présenté à l'ACCT aAdjanohoun, E. aAké Assi, L. aEyme, J. c1983 a214 p. a3248